'J' Game Quiz Stats

 Plays Quiz Updated Oct 14, 2016

Score 0/33 Timer 06:00
0 Plays Today
% Correct
June
99.3%
July
99.3%
January
99.2%
John (+1, 2, 3)
94.7%
John
94.6%
Janet Jackson
78.7%
Lyndon B. Johnson
77.8%
Andrew Johnson
77.8%
Andrew Jackson
77%
James
76.9%
Japan
66.4%
Jacksonville Jaguars
64.3%
Jamaica
62.8%
New York Jets
60%
Thomas Jefferson
56.3%
Jordan
51.1%
Jermaine Jackson
50.5%
% Correct
Jupiter
48.5%
Juno
46.5%
Jakarta, Indonesia
43.7%
Utah Jazz
42.3%
Jeremiah
42%
Job
41.6%
John Paul
40.3%
Joshua
33.7%
Jerusalem, Israel
30.3%
Judges
26.5%
Julius
25.9%
Jude
25.6%
Jonah
25.5%
Jackie Jackson
22.6%
Joel
16.2%
Juba, Republic of South Sudan
9.1%

You're not logged in!

Compare scores with friends on all Sporcle quizzes.
OR
Log In

Sporcle TV

Today on Sporcle TV


Watch our educational content, quiz creation guides, and fun videos on Sporcle TV.

Show Comments

Extras

Top Quizzes Today


Score Distribution

Your Account Isn't Verified!

In order to create a playlist on Sporcle, you need to verify the email address you used during registration. Go to your Sporcle Settings to finish the process.

Report this User

Report this user for behavior that violates our Community Guidelines.

Details: